书目信息 |
| 题名: |
穴位按摩一步到位
|
|
| 作者: | 高野耕造 主编 ;王添翼 译 ;日本主妇之友社 编著 | |
| 分册: | ||
| 出版信息: | 沈阳 辽宁科学技术出版社 2014 |
|
| 页数: | 155页 | |
| 开本: | 21cm | |
| 丛书名: | ||
| 单 册: | ||
| 中图分类: | R245.9 | |
| 科图分类: | ||
| 主题词: | 穴位按压疗法 | |
| 电子资源: | ||
| ISBN: | 978-7-5381-8648-2 | |
| 000 | 01034nam0 2200277 450 | |
| 001 | 012015000128 | |
| 005 | 20151130093301.92 | |
| 010 | @a978-7-5381-8648-2@dCNY29.80 | |
| 100 | @a20141108d2014 em y0chiy0110 ea | |
| 101 | 1 | @achi@cjpn |
| 102 | @aCN@b210000 | |
| 105 | @aa z 000yy | |
| 106 | @ar | |
| 200 | 1 | @a穴位按摩一步到位@Axue wei an mo yi bu dao wei@f日本主妇之友社编著@g王添翼译 |
| 210 | @a沈阳@c辽宁科学技术出版社@d2014 | |
| 215 | @a155页@c彩图@d21cm | |
| 305 | @a本书由日本主妇之友社授权出版 | |
| 314 | @a书中题责任者:高野耕造主编 | |
| 330 | @a本书介绍了针对按摩针对日常疾病、体质虚弱、身体不适、情绪不佳、女性常见疾病、美容养颜等6大类常见人体问题的穴位。每种疾病都有对应的穴位按摩疗法说明,并以清晰的实体照片的形式进行了细致的讲解和介绍。 | |
| 606 | 0 | @a穴位按压疗法 |
| 690 | @aR245.9@v5 | |
| 701 | 1 | @a高野耕造@Agao ye geng zao@4主编 |
| 702 | 0 | @a王添翼@Awang tian yi@4译 |
| 712 | 02 | @a日本主妇之友社@Ari ben zhu fu zhi you she@4编著 |
| 801 | 0 | @aCN@b碧洲教育@c20151127 |
| 905 | @a10447@f4@dR245.9@e350 | |
| 穴位按摩一步到位/日本主妇之友社编著/王添翼译.-沈阳:辽宁科学技术出版社,2014 |
| 155页:彩图;21cm |
| ISBN 978-7-5381-8648-2:CNY29.80 |
| 本书介绍了针对按摩针对日常疾病、体质虚弱、身体不适、情绪不佳、女性常见疾病、美容养颜等6大类常见人体问题的穴位。每种疾病都有对应的穴位按摩疗法说明,并以清晰的实体照片的形式进行了细致的讲解和介绍。 |
| ● |
| 相关链接 |
|
|
|
|
正题名:穴位按摩一步到位
索取号:R245.9/350
 
预约/预借
| 序号 | 登录号 | 条形码 | 馆藏地/架位号 | 状态 | 备注 |
| 1 | 0871887 | 208718878 | 第二样本阅览室/ [索取号:R245.9/350] | 在馆 | |
| 2 | 0871888 | 208718887 | 第三借阅区/ [索取号:R245.9/350] | 在馆 | |
| 3 | 0871889 | 208718896 | 第三借阅区/ [索取号:R245.9/350] | 在馆 | |
| 4 | 0871890 | 208718903 | 第三借阅区/ [索取号:R245.9/350] | 在馆 |